Library of the University of Algiers 3
Ibrahim Sultan Cheibout
شعار جامعة الجزائر 3
مكتبة جامعة الجزائر 3
إبراهيم سلطان شيبوط

الفساد الإداري و المالي : (رقم التسجيلة. 43698)

تفاصيل مارك
000 -LEADER
fixed length control field 01352nam a2200253Ia 4500
003 - CONTROL NUMBER IDENTIFIER
control field Ost
005 - DATE AND TIME OF LATEST TRANSACTION
control field 20260507075251.0
008 - FIXED-LENGTH DATA ELEMENTS--GENERAL INFORMATION
fixed length control field 260507s9999||||xx |||||||||||||| ||und||
020 ## - INTERNATIONAL STANDARD BOOK NUMBER
International Standard Book Number 9789957123314
040 ## - CATALOGING SOURCE
Transcribing agency fsecg
041 ## - LANGUAGE CODE
Language code of text/sound track or separate title ara
082 ## - DEWEY DECIMAL CLASSIFICATION NUMBER
Classification number 330
100 ## - MAIN ENTRY--PERSONAL NAME
Personal name الشمري، هاشم
Relator term مؤلف
245 #0 - TITLE STATEMENT
Title الفساد الإداري و المالي :
Remainder of title و أثاره الاقتصادية و الاجتماعية /
Statement of responsibility, etc. هاشم الشمري
260 ## - PUBLICATION, DISTRIBUTION, ETC.
Place of publication, distribution, etc. عمان:
Name of publisher, distributor, etc. دار اليازوري,
Date of publication, distribution, etc. 2011
300 ## - PHYSICAL DESCRIPTION
Extent 261 صفحة؛
Other physical details إيضاحات ؛
Dimensions 24 سم
504 ## - BIBLIOGRAPHY, ETC. NOTE
Bibliography, etc. note فهارس ص.7؛مراجع ص.245 ؛ ملاحق ص.221
520 ## - SUMMARY, ETC.
Summary, etc. الاطار المفاهيمي للفساد الاداري و المالي و مسببات و أنواعه و مظاهره و التطور التاريخي له ، التأثيرات و التكالبف الناجمة عن الفساد الاداري و المالي في التنمية ، تحليل هذا الفساد في ظل التطورات الاقتصادية الدولية ، ، واقع هذا الفساد في كل من : العراق ، نيجيريا و سنغافورة .
653 ## - INDEX TERM--UNCONTROLLED
Uncontrolled term الفساد
653 ## - INDEX TERM--UNCONTROLLED
Uncontrolled term الفساد الاداري
653 ## - INDEX TERM--UNCONTROLLED
Uncontrolled term الفساد- المالية
700 ## - ADDED ENTRY--PERSONAL NAME
Personal name الفتلي، ايثار
Relator term مؤلف ثانوي
942 ## - ADDED ENTRY ELEMENTS (KOHA)
Koha item type كتب
المقتنيات
Withdrawn status Lost status Source of classification or shelving scheme Damaged status Not for loan Home library Current library Date acquired Serial enumeration / chronology Inventory number Total checkouts Full call number Barcode Date last seen Price effective from Koha item type
    Dewey Decimal Classification   NOT LOAN / إعارة داخلية مكتبة كلية العلوم الإقتصادية والعلوم التجارية وعلوم التسيير مكتبة كلية العلوم الإقتصادية والعلوم التجارية وعلوم التسيير 07/05/2026 الطابق الأرضي 18022   أ/3721ن1 18022 07/05/2026 07/05/2026 كتب
    Dewey Decimal Classification   Available مكتبة كلية العلوم الإقتصادية والعلوم التجارية وعلوم التسيير مكتبة كلية العلوم الإقتصادية والعلوم التجارية وعلوم التسيير 07/05/2026 الطابق الأرضي 18023   أ/3721ن2 18023 07/05/2026 07/05/2026 كتب
    Dewey Decimal Classification   Available مكتبة كلية العلوم الإقتصادية والعلوم التجارية وعلوم التسيير مكتبة كلية العلوم الإقتصادية والعلوم التجارية وعلوم التسيير 07/05/2026 الطابق الثاني 18024   أ/3721ن3 18024 07/05/2026 07/05/2026 كتب
    Dewey Decimal Classification   Available مكتبة كلية العلوم الإقتصادية والعلوم التجارية وعلوم التسيير مكتبة كلية العلوم الإقتصادية والعلوم التجارية وعلوم التسيير 07/05/2026 الطابق الثاني 18025   أ/3721ن4 18025 07/05/2026 07/05/2026 كتب
    Dewey Decimal Classification   Available مكتبة كلية العلوم الإقتصادية والعلوم التجارية وعلوم التسيير مكتبة كلية العلوم الإقتصادية والعلوم التجارية وعلوم التسيير 07/05/2026 مكتبة بن عكنون 18026   أ/3721ن5 18026 07/05/2026 07/05/2026 كتب

موارد الويب المفتوحة


© University of Algiers 3 All Rights Reserved
|
Implemented by LECHELAH Riad